Балканът, ханът и чифликът (Запис номер 138774)
[ съкратено ]
| 000 -Лидер | |
|---|---|
| Контролно поле с фиксирана дължина | 02269nam a2200445 c 4500 |
| 003 - Код на организацията, давaща контролен номер | |
| Контролно поле | BLK |
| 005 - Дата и час на последна редакция | |
| Контролно поле | 20241025005438.0 |
| 008 - Елементи от данни с фиксирана дължина | |
| fixed length control field | 180409b bul|||||r ||||||| ||bul|| |
| 010 ## - Наследен системен номер | |
| LC control number | KNG00144771000 |
| 020 ## - Международен стандартен номер на книга ISBN | |
| Международен стандартен номер на книга ISBN | 978-954-740-047-4 |
| -- | издат.: Лит. форум |
| 040 ## - Източник на каталожния запис | |
| Идентификатор на билиотеката - собственик на записа | BLK |
| 041 ## - Код за език | |
| Код за езика на текст/звукозапис или на отделно заглавие | Български |
| Код за езика КДБФ | Български |
| 072 #7 - Код за тематичната категория | |
| Код организация | bullib |
| Код за тематична категория | Н82 |
| Текст | Литературознание Н |
| 080 ## - УДК | |
| Текстов определител УДК | Българска литература |
| УДК код - определител по УДК | 821.163.2 |
| УДК определител | (092) |
| УДК - код + определител | 821.163.2(092) |
| 080 ## - УДК | |
| Текстов определител УДК | Български писател |
| УДК код - определител по УДК | 929 Йовков, Йордан Стефанов |
| УДК определител | |
| УДК - код + определител | 929 Йовков, Йордан Стефанов |
| 100 1# - Редна дума - Автор | |
| Автор | Игов, Светлозар Атанасов |
| Дати, свързани с автора | 1945-2023 |
| Автор - информация (биография) | Филолог, славянска филология (1966). Литературен критик, историк. Поет, белетрист. Преводач от сърбохърватски език |
| R(LIN) | 72055 |
| 139 ## - Редно поле | |
| Редна дума | Игов, Светлозар Атанасов |
| Авторски знак | Иовк - И 77 |
| 245 10 - Сведения за заглавието | |
| Заглавие | Балканът, ханът и чифликът |
| Подзаглавни данни | Привидният реализъм на Йордан Йовков |
| Редно поле (дума) | Светлозар Атанасов Игов. |
| 257 ## - Страна на издаване | |
| Страна на създаване/издаване | България |
| 260 ## - Област на издателските данни | |
| -- | София |
| Име на издателя, разпространителя и проч. | Лит. форум |
| Година на издаване | 2011 |
| 300 ## - Физическа характеристика | |
| Страници | 268 с. |
| Размери/Мащаб | 20 см |
| 380 ## - Жанр | |
| Жанр | Литературознание |
| 490 1# - СЕРИИ (Колекции) | |
| Име на серия | Библиотека Българска сбирка |
| 500 ## - Общи забележки | |
| Забележка | Библиогр. с. 258-266. |
| 600 #0 - Име на лице, използвано като предмет | |
| За него / За нея | Йовков, Йордан Стефанов |
| Свързани дати | 1880-1937 |
| Друга информация | Писател класик - белетрист, драматург, майстор на късия разказ |
| 9 (RLIN) | 363298 |
| 650 #4 - Допълнително описание по предмет – тема | |
| Основно описание – тема или топоним | Писатели, български - творчество |
| 9 (RLIN) | 250544 |
| 650 #4 - Допълнително описание по предмет – тема | |
| Основно описание – тема или топоним | Литературна критика, българска |
| 9 (RLIN) | 241943 |
| 650 #4 - Допълнително описание по предмет – тема | |
| Основно описание – тема или топоним | Йовков, Йордан Стефанов |
| 9 (RLIN) | 363298 |
| 651 #4 - Допълнително описание по предмет - топоним | |
| Географско понятие | България |
| 9 (RLIN) | 241624 |
| 653 ## - Ключова дума – ненормативна | |
| Ключова дума | български писатели |
| 653 ## - Ключова дума – ненормативна | |
| Ключова дума | българска литература |
| 653 ## - Ключова дума – ненормативна | |
| Ключова дума | Йордан Йовков |
| 659 ## - Тематичен бюлетин | |
| Тематичен бюлетин | Н |
| 852 ## - Местоположение | |
| Форматна сигнатура | Цб 260556 |
| 856 4# - Електронен адрес и достъп | |
| Електронен формат | pdf - файл |
| Път до файла /url/ | |
| 856 4# - Електронен адрес и достъп | |
| Електронен формат | pdf - файл |
| Път до файла /url/ | |
| 942 ## - АРТИКУЛИ | |
| Вид на библиотечния материал | Книги |
| Скрит в OPAC | Не |
| Koha issues (borrowed), all copies | 1 |
| 944 ## - СЪЗДАВАНЕ И РЕДАКЦИЯ на ЗАПИСА | |
| Създаване/Редакция | Създаване |
| Дата на регистрацията/редакция | 04.07.2013 |
| Статус, дата на статуса | CRON CRON |
| Служител, извършил регистрацията/редакцията | |
| 944 ## - СЪЗДАВАНЕ И РЕДАКЦИЯ на ЗАПИСА | |
| Създаване/Редакция | Редакция |
| Дата на регистрацията/редакция | 07.12.2017 |
| Статус, дата на статуса | ф / |
| Служител, извършил регистрацията/редакцията | Людмила_Стоянова |
| 999 ## - СИСТЕМНИ КОНТРОЛНИ НОМЕРА | |
| Koha biblionumber | 138774 |
| Koha biblioitemnumber | 138774 |
| Код за отписване | Код за изгубен артикул | Код за повреда | Коз за рестрикции | Код за отдаване | Артикулен № | Име на библиотеката - собственик | Име на библиотеката, в която се намира в момента | Статус (Текущо местоположение) | Дата на вписване в системата | Местоположение - отдел | Цена в лева | Инвентарен номер | Систематично азбучна сигнатура | Баркод | Номер на екземпляра | Цена в евро | Служебна бележка | Служебен тип на артикула | Източник на класификационната схема |
|---|---|---|---|---|---|---|---|---|---|---|---|---|---|---|---|---|---|---|---|
| Не е изгубен | Не е повреден | без рестрикции | ползва се в читалня | 226856 | Регионална библиотека "Любен Каравелов" Русе | Регионална библиотека "Любен Каравелов" Русе | Хранилище | 2013-07-06 | Хранилище | 9.00 | 120000767778 | Цб 260556 | 120000767778 | 1 | 4.60 | Дост: Dp Вид: Д N: 11 Дата: 12.03.2012 | Книги | ||
| Не е изгубен | Не е повреден | без рестрикции | заемане за дома | 226857 | Регионална библиотека "Любен Каравелов" Русе | Регионална библиотека "Любен Каравелов" Русе | Заемна - подръчен фонд | 2017-11-30 | Заемна - подръчен фонд | 9.00 | 120000817615 | П 821.163.2.09(092)/И 77 | 120000817615 | 2 | 4.60 | Дост: DA Вид: А N: 42 Дата: 30.11.2017 Дата инв: 07.02.2018 Бележки инв: П2018 | Книги | Universal Decimal Classification |